000 00559nam a2200229Ia 4500
003 OSt
005 20221005131825.0
006 a|||||r|||| 00| 0
007 ta
008 221004b |||||||| |||| 00| 0 eng d
024 _a70368
037 _cTextual
040 _aCRL
_cCRL
_beng
041 _2eng
_aeng
082 _aY1:1.4365.D, G8
100 _aSadananda Swami
_9640138
245 0 _aSuvarnadwipa
260 _c1938
650 _aSOCIOLOGY
942 _hY1:1.4365.D, G8
_cTEXL
_2cc
999 _c1061523
_d1061523